[Event "Challenge"]
[Site "http://www.queenalice.com/game.php?id=1643467"]
[Date "2021.2.12"]
[Round "-"]
[White "Francisco333"]
[Black "magalhaes_br"]
[Result "0-1"]
[WhiteElo "1011"]
[BlackElo "1582"]

1. d4 d5 2. Nf3 Nf6 3. Nc3 g6 4. e3 Bg7 5. Bb5+ c6 6. Ba4 O-O 7. O-O a6 8. Qe2
Nbd7 9. Bd2 b5 10. Bb3 b4 11. Nd1 a5 12. a4 Ba6 13. c4 Ne4 14. Bc2 Bxc4 15. Bd3
Bxd3 16. Qxd3 Ndf6 17. h3 Qc8 18. Ne5 Qa6 19. Qc2 Rac8 20. b3 c5 21. Qb2 cxd4
22. exd4 Rc7 23. Ne3 Nd7 24. Nxd5 Rb7 25. Nxe7+ Kh8 26. Qc2 Qe6 27. N7c6 Rc8 28.
Qxe4 f5 29. Qe3 Nxe5 30. Nxe5 Rf8 31. Rac1 h5 32. Rc5 Ra7 33. d5 Qxe5 34. Qf3
Kh7 35. Bf4 Qe7 36. d6 Qd8 37. Rd5 Rf6 38. Qe3 Qd7 39. Qb6 Bf8 40. Bd2 Rxd6 41.
Qd4 Rxd5 42. Qf6 Bg7 43. Qh4 Rxd2 44. Qg3 Qd6 45. Qe3 Re7 46. Qf3 Rd3 47. Qf4
Qxf4 48. g3 Rxg3+ 0-1